Fill in the Missing Letters - Video Games - Statistics

General Stats
  • This quiz has been taken 406 times
  • The average score is 6 of 15
Answer Stats
Hint Answer % Correct
TE___N Tekken
62%
_I_A Fifa
59%
P__T_L Portal
56%
D___L __Y C__ Devil May Cry
50%
B__D_RL____ Borderlands
47%
U_C__R__D Uncharted
47%
A__A___N'_ _R___ Assassins Creed
45%
C__S_S Crysis
38%
_OK___N Pokemon
36%
G_IT__ _ER_ Guitar Hero
25%
I_F__O_S InFamous
25%
_IO__OC_ Bioshock
24%
J__ A_D D__T_R Jak and Daxter
21%
B__M__ A__H__ C___ Batman Arkham City
13%
_EA__ _F __R Gears of War
10%
No matching quizzes found
Score Distribution
Percent of People with Each Score
Percentile by Number Answered
Your Score History
You have not taken this quiz